=LDR 00000nam 2200000 4500 =001 INLIS000000000047226 =005 20200205081346 =035 ##$$a 0010-091500000000056 =008 200205################g##########0#ind## =020 ##$$a 978-979-1153-83-6 =082 ##$$a 025.1 =100 ##$$a Krisdanto Surendro =245 1#$$a Pengembangan rencana induk sistem informasi /$c Kridanto Surendro =260 ##$$a Bandung :$b Informatika,$c 2009 =300 ##$$a x, 356 hlm. : $b ilus. ; $c 24 x 16 cm. =850 ##$$a NBPNMAT =084 ##$$a 025.1 Sur p =250 ##$$a cet. 1 =650 #4$$a Sistem Informasi =520 ##$$a Bibliografi Hlm. 351-355 =990 ##$$a 21108725 =990 ##$$a 21108726 =990 ##$$a 21108724